Reglamento para el régimen y gobierno de la Sociedad Catalana de Horticultura
Descripción Física:
14 p. ; 25 cm
MARC
| LEADER | 00000nam a2200000Ia 4500 | ||
|---|---|---|---|
| 001 | 19311 | ||
| 008 | 160829s1894 xx 000 0 cat d | ||
| 080 | |a 2368, exp. 11 | ||
| 100 | |a Sociedad Catalana de Horticultura |9 47582 | ||
| 245 | |a Reglamento para el régimen y gobierno de la Sociedad Catalana de Horticultura | ||
| 260 | |a Barcelona : |b Tipografía de la Casa Provincial de Caridad, |c 1894 | ||
| 300 | |a 14 p. ; |c 25 cm | ||
| 650 | |a Sociedad Catalana de Horticultura |x Reglaments |9 47583 | ||
| 901 | |a Arxiu | ||
| 942 | |n 1 | ||
| 952 | |0 0 |1 0 |4 0 |6 2368_EXP_11 |7 1 |9 53981 |a Arxiu |b Arxiu |d 2016-12-01 |l 0 |o 2368, exp. 11 |p 19311 |r 2016-12-01 00:00:00 |w 2016-12-01 |y ARXIU | ||
| 999 | |c 57848 |d 57848 | ||